القانون الدولي العام (رقم التسجيلة. 8751)

تفاصيل مارك
000 -الفاتح
حقل البيانات ثابتة الطول 00610nam a22001937a 4500
003 - محدد رقم الضبط
رقم الضبط OSt
005 - وقت وتاريخ اخر تعامل مع التسجيلة
رقم الضبط 20150408113835.0
008 - عناصر البيانات ثابتة الطول - معلومات عامة
حقل البيانات ثابتة الطول 110628t xxu||||| |||| 00| 0 eng d
020 ## - الرقم الدولى المعيارى للكتب
الرقم الدولى المعيارى للكتاب 9773791025
040 ## - مصدر الفهرسة
وكالة الفهرسة الأصلية mu
لغة الفهرسة ara
وكالة النسخ mb
082 ## - رقم تصنيف ديوى العشرى
رقم الطبعة 21
رقم التصنيف 341
رقم المادة م ج ق
100 ## - المدخل الرئيسى - إسم شخصى
الإسم الشخصى مانع ، جمال عبدالناصر
9 (RLIN) 629
245 ## - بيان العنوان
العنوان القانون الدولي العام
بيان المسئوليه,etc جمال عبدالنصر مانع
250 ## - بيان الطبعة
بيان الطبعة ط1
260 ## - PUBLICATION, DISTRIBUTION, ETC. (IMPRINT)
مكان الناشر او الموزع الاسكندرية
اسم الناشر او الموزع دار الفكر الجامعي
تاريخ النشر أو التوزيع 2010
300 ## - الوصف المادى
التعداد 890 ص
أبعاد الوعاء 24 سم
650 ## - المدخل الاضافى بالموضوع-مصطلح موضوعى
مصطلح موضوعي أو اسم جغرافي كعنصر مدخل القانون الدولي العام
9 (RLIN) 627
942 ## - عناصر المدخل الإضافي( كوها)
مصدر التصنيف او مخطط الترفيف Dewey Decimal Classification
Koha [default] item type كتاب
المقتنيات
حالة الفقد نموذج السعر الفعال حالة تلف ليس للاعارة رقم الطلب تاريخ الاكتساب الموقع الحالي الباركود الفرع الرئيسي Date last seen نوع المادة فى نظام كوها مصدر التصنيف او خطة الترفيف Total Checkouts
  2013-03-10     341 م ج ق 2011-06-30 المكتبة المركزية بالمجمعة (CL) 00060838 المكتبة المركزية بالمجمعة (CL) 2013-03-10 كتاب Dewey Decimal Classification  
  2013-03-10     341 م ج ق 2011-06-30 المكتبة المركزية بالمجمعة (CL) 00060839 المكتبة المركزية بالمجمعة (CL) 2013-03-10 كتاب Dewey Decimal Classification  
  2013-03-10     341 م ج ق 2011-06-30 المكتبة المركزية بالمجمعة (CL) 00060837 المكتبة المركزية بالمجمعة (CL) 2013-03-10 كتاب Dewey Decimal Classification